Statistics for Singers by songs

Click here to take the quiz!

General Stats

  • This quiz has been taken 47 times
  • The average score is 7 of 12

Answer Stats

HintAnswer% Correct
Wrecking Ball, Party In The USA, Midnight SkyMiley Cyrus
91%
I Kissed A Girl, Chained To The Rhythm, Wide AwakeKaty Perry
84%
Sign Of The Times, Watermelon Sugar, Adore YouHarry Styles
79%
Hey Jude, Yesterday, Octopus GardenThe Beatles
79%
Telephone, Shallow, Million ReasonsLady Gaga
70%
Frozen, La Isla Bonita, Hung UpMadonna
53%
I'm Never Not Gonna Dance Again, Just Give Me A Reason, The Truth About LoveP!nk
51%
Rather Be, Symphony, RockabyeClean Bandit
44%
Green Green Grass, Shotgun, BucharestGeorge Ezra
37%
Escapism, Regardless, Natalie Don'tRaye
37%
Sara, The Chain, PeacekeeperFleetwood Mac
35%
Wings, Touch, Secret Love SongLittle Mix
35%

Score Distribution

Percentile by Number Answered

Percent of People with Each Score

Your Score History

You have not taken this quiz